| 000 | 00746nam a2200205 4500 | ||
|---|---|---|---|
| 008 | 160204b xxu||||| |||| 00| 0 eng d | ||
| 020 | _a9781285170978 | ||
| 020 | _a1285170970 | ||
| 082 |
_22015 _aDK12 621.31924 _bM959 |
||
| 100 |
_92431 _aMullin, Ray C. |
||
| 245 |
_aElectrical wiring residential : _bbased on the 2014 National Electrical Code / _cRay C. Mullin and Phil Simmons. |
||
| 250 | _a18th edition. | ||
| 260 |
_aAustralia : _bCengage Learning, _cc2015. |
||
| 300 |
_axxxi, 801 pages. : _bcolored illustration ; _c28 cm. |
||
| 500 | _aIncludes appendix, glossary and index. | ||
| 650 | 0 |
_92432 _aElectric wiring, Interior |
|
| 650 | 0 |
_92433 _aHouses _xElectric equipment |
|
| 700 |
_92434 _aSimmons, Phil., jt. au. |
||
| 942 |
_2ddc _cBK |
||
| 999 |
_c911 _d911 |
||